ბათუმის შოთა რუსთაველის სახელმწიფო უნივერსიტეტის ბიბლიოთეკა

Трубопроводы в сложных условиях. (ბიბ.ჩანაწერი № 37380)

000 -LEADER
fixed length control field 00595nam a2200205Ia 4500
001 - CONTROL NUMBER
control field 3339
003 - CONTROL NUMBER IDENTIFIER
control field GE_BSU
008 - FIXED-LENGTH DATA ELEMENTS--GENERAL INFORMATION
fixed length control field 181216s||||||||xx |||||||||||||| ||und||
040 ## - CATALOGING SOURCE
Transcribing agency GE_BSU
080 ## - UNIVERSAL DECIMAL CLASSIFICATION NUMBER
Universal Decimal Classification number 621.64.002
100 ## - MAIN ENTRY--PERSONAL NAME
Personal name Бородавкин,П.П. Таран,В.Д.
245 ## - TITLE STATEMENT
Title Трубопроводы в сложных условиях.
245 ## - TITLE STATEMENT
Statement of responsibility, etc. Ред.В.В.Переверзев.
260 ## - PUBLICATION, DISTRIBUTION, ETC.
Place of publication, distribution, etc. М.
260 ## - PUBLICATION, DISTRIBUTION, ETC.
Name of publisher, distributor, etc. Недра.
260 ## - PUBLICATION, DISTRIBUTION, ETC.
Date of publication, distribution, etc. 1968.
300 ## - PHYSICAL DESCRIPTION
Extent 304стр.с илл.20 см.
653 ## - INDEX TERM--UNCONTROLLED
Uncontrolled term Трубопроводы в сложных условиях.
942 ## - ADDED ENTRY ELEMENTS (KOHA)
Koha item type წიგნი
ეგზემპლარები
Withdrawn status Lost status Damaged status Not for loan Date acquired Barcode Date last seen Price effective from Koha item type
        2018-12-17 9304 2018-12-17 2018-12-17 წიგნი